00462nam a2200145Ia 4500003000900000008004100009020002600050020002700076040001600103100002200119245005700141260003200198300002000230856006600250IN-BaIIA211028s9999 xx s 000 0 eng d a9781510622098 (Print) a9781510622104 (Online) cIIA Library aAngelsky, Oleg V. 0aIntroduction to Singular Correlation Opticsh[eBook] aWashington, USAbSPIEc2019 aOnline resource uhttps://doi.org/10.1117/3.2504645yClick Here to Access eBook